Normal view MARC view

Entry Nombre personal

Number of records used in: 1

001 - NÚMERO DE CONTROL

  • campo de control: 70871

003 - IDENTIFICADOR DE NÚMERO DE CONTROL

  • campo de control: OSt

005 - FECHA Y HORA DE LA ÚLTIMA TRANSACCIÓN

  • campo de control: 20241029134431.0

008 - ELEMENTOS DE DATO DE LONGITUD-FIJA

  • campo de control de longitud fija: 240704 b aiznnaaan n bnc d

024 7# - IDENTIFICADOR DE OTROS ESTÁNDARES

  • Número estándar o código: http://viaf.org/viaf/23382263/
  • Fuente: viaf

024 8# - IDENTIFICADOR DE OTROS ESTÁNDARES

  • Número estándar o código: https://data.cervantesvirtual.com/person/30835

024 7# - IDENTIFICADOR DE OTROS ESTÁNDARES

  • Número estándar o código: https://isni.org/isni/0000000083422831
  • Fuente: isni

024 7# - IDENTIFICADOR DE OTROS ESTÁNDARES

  • Número estándar o código: http://www.wikidata.org/entity/Q60040
  • Fuente: wikidata

040 ## - FUENTE DE CATALOGACIÓN

  • Centro catalogador/agencia de origen: SpMaBN
  • Lengua de catalogación: spa
  • Centro/agencia transcriptor: SpMaBN
  • Normas de descripción: rdc
  • Convención/Normas de encabezamiento de materia/tesauro: embne

046 ## - FECHAS CON CODIFICACIÓN ESPECIAL

  • Fecha de nacimiento: 1500
  • Fecha de la muerte: 1542

100 1# - ENCABEZAMIENTO-NOMBRE DE PERSONA

  • Nombre de persona: Soto, Hernando de (
  • Fechas asociadas al nombre: ca. 1500-1542)

370 ## - LUGAR ASOCIADO

  • Lugar de nacimiento: Barcarrota
  • Número de control del registro de autoridad o número normalizado: XX454814
  • Fuente de información: Wikidata

374 ## - OCUPACIÓN

  • Ocupación: Militares
  • Ocupación: Exploradores
  • Fuente de información: Wikidata

375 ## - GÉNERO/SEXO

  • Género: Masculino
  • Fuente de información: Wikidata

377 ## - IDIOMA ASOCIADO

  • Término de lengua/lenguaje: Español

400 1# - TRAZADO DE VÉASE--NOMBRE DE PERSONA

  • Nombre de persona: Méndez de Soto, Hernando (
  • Fechas asociadas al nombre: ca. 1500-1542)

670 ## - FUENTE DE DATOS ENCONTRADOS

  • Cita de la fuente: Coloquios Históricos de Extremadura, 1991
  • Información encontrada: port. (Hernando de Soto) p. 111 ... (Hernando Méndez de Soto; n. sobre el 1500; m. 25 de mayo de 1542)

670 ## - FUENTE DE DATOS ENCONTRADOS

  • Cita de la fuente: Espasa
  • Información encontrada: (Hernando de Soto; conquistador español; vio la luz en Jerez de los Caballeros hacia 1496)

670 ## - FUENTE DE DATOS ENCONTRADOS

  • Cita de la fuente: CDMARC name, 1991
  • Información encontrada: (Soto, Hernando de, ca. 1500-1542)

Powered by Koha